Культура спілкування ділових людей (Запис № 315574)

МАРК-запис
000 -Лідер
fixed length control field 00751nam a22002537a 4500
001 - Контрольний номер
control field 29193
003 - Ідентифікатор контрольного номера
control field UA-OsUOA
005 - Дата та час останнього входження (трансакції)
control field 20200302161438.0
007 - Фіксоване поле фізичного опису
fixed length control field ta
008 - Елементи даних фіксованої довжини – загальна інформація
fixed length control field 20041004b un ||||| |||| 00| 0 ukr d
020 ## - Міжнародний стандартний книжковий номер (ISBN)
Міжнародний стандартний книжковий номер (ISBN) (НП) 5770793929
040 ## - Джерело каталогізації
Агенція оригінальної каталогізації UA-OsUOA
Мова каталогізації ukr
Агенція, яка здійснювала перезапис UA-OsUOA
Агенція, яка здійснювала модифікацію UA-OsUOA
041 ## - Код мови
Код мови тексту/ звукової доріжки чи окремого заголовка (П) ukr
044 ## - Код країни видавця/ виробника
Код країни видавця/ виробника (П) UA
080 ## - Індекс Універсальної десяткової класифікації
Індекс Універсальної десяткової класифікації (УДК) (НП) 81'271-161.2
090 ## - Локальний шифр розміщення
Класифікаційний індекс УДК 81'271-161.2
Авторський знак (НП) Д69
100 ## - Основне введення – ім’я особи
Ім’я особи (НП) Дороніна М. С.
245 ## - Відомості про назву
Назва (НП) Культура спілкування ділових людей
Решта назви (НП) посіб. для студентів гуманітарних факультетів вищих навчальних закладів
260 ## - Публікація, розповсюдження і т.п. (Вихідні дані)
Місце публікації, розповсюдження і т.п. (П) К.
Ім’я/ наймення видавництва, розповсюджувача і т.п. (П) Academia
Дата публікації, розповсюдження і т.п. (П) 1997
300 ## - Фізичний опис
Обсяг 192 с.
650 #7 - Додаткове предметне введення – тематичний термін
Джерело заголовка чи терміна UDC
942 ## - Додаткові елементи входу (Коха)
Тип елемента Koha Книги
Source of classification or shelving scheme Universal Decimal Classification
955 ## - Код типу видання за змістом
Код типу видання за змістом (НП) інше
Фонди
Стан вилучень Стан втрат Джерело класифікації або схеми стелажів Стан уражень Не для кредиту Постійне місце розташування Поточне розміщення Дата придбання Інвентарний номер Усього замовленно Повний номер виклику Штрих-код Дата останнього перегляду Ціна ефективна від Тип елемента Koha
    Universal Decimal Classification     АБ - Абонемент НБ АБ - Абонемент НБ 07/08/2006 26071   81'271-161.2 Д69 26071 14/01/2022 04/10/2004 Книги
    Universal Decimal Classification     АБ - Абонемент НБ АБ - Абонемент НБ 07/08/2006 26075   81'271-161.2 Д69 26075 10/05/2022 04/10/2004 Книги
    Universal Decimal Classification     АБ - Абонемент НБ АБ - Абонемент НБ 07/08/2006 26078   81'271-161.2 Д69 26078 14/01/2022 04/10/2004 Книги
    Universal Decimal Classification     АБ - Абонемент НБ АБ - Абонемент НБ 07/08/2006 26079   81'271-161.2 Д69 26079 14/01/2022 04/10/2004 Книги
    Universal Decimal Classification     АБ - Абонемент НБ АБ - Абонемент НБ 07/08/2006 26080   81'271-161.2 Д69 26080 14/01/2022 04/10/2004 Книги
    Universal Decimal Classification     АБ - Абонемент НБ АБ - Абонемент НБ 07/08/2006 26082   81'271-161.2 Д69 26082 10/05/2022 04/10/2004 Книги
    Universal Decimal Classification     АБ - Абонемент НБ АБ - Абонемент НБ 07/08/2006 26083   81'271-161.2 Д69 26083 14/01/2022 04/10/2004 Книги
    Universal Decimal Classification     ЧЗ - Читальна зала ЧЗ - Читальна зала 04/10/2004 73938   81'271-161.2 Д69 73938 17/11/2021 04/10/2004 Книги
    Universal Decimal Classification     ЧЗ - Читальна зала ЧЗ - Читальна зала 05/10/2004 73939   81'271-161.2 Д69 73939 17/11/2021 04/10/2004 Книги
    Universal Decimal Classification     ЧЗ - Читальна зала ЧЗ - Читальна зала 04/10/2004 73940   81'271-161.2 Д69 73940 17/11/2021 04/10/2004 Книги
    Universal Decimal Classification     ЧЗ - Читальна зала ЧЗ - Читальна зала 04/10/2004 73941   81'271-161.2 Д69 73941 17/11/2021 04/10/2004 Книги
    Universal Decimal Classification     ЧЗ - Читальна зала ЧЗ - Читальна зала 04/10/2004 73942   81'271-161.2 Д69 73942 17/11/2021 04/10/2004 Книги